| 000 -LEADER | |
|---|---|
| fixed length control field | 01241nam a22002297a 4500 |
| 005 - DATE AND TIME OF LATEST TRANSACTION | |
| control field | 20250420134815.0 |
| 008 - FIXED-LENGTH DATA ELEMENTS--GENERAL INFORMATION | |
| fixed length control field | 200804b ||||| |||| 00| 0 eng d |
| 020 ## - INTERNATIONAL STANDARD BOOK NUMBER | |
| International Standard Book Number | 9781118808719 |
| 040 ## - CATALOGING SOURCE | |
| Transcribing agency | KCST |
| 082 ## - DEWEY DECIMAL CLASSIFICATION NUMBER | |
| Classification number | 519.2 |
| Item number | Ya Pr |
| 100 ## - MAIN ENTRY--PERSONAL NAME | |
| Personal name | Yates, Roy D. |
| 9 (RLIN) | 4871 |
| 245 ## - TITLE STATEMENT | |
| Title | Probability and stochastic processes : |
| Remainder of title | a friendly introduction for electrical and computer engineers / |
| Statement of responsibility, etc. | Roy D Yates; David J Goodman |
| 250 ## - EDITION STATEMENT | |
| Edition statement | 3rd edition. |
| Remainder of edition statement | Int. student version |
| 260 ## - PUBLICATION, DISTRIBUTION, ETC. | |
| Place of publication, distribution, etc. | Hoboken, NJ: |
| Name of publisher, distributor, etc. | Wiley, |
| Date of publication, distribution, etc. | 2015. |
| 300 ## - PHYSICAL DESCRIPTION | |
| Extent | xvi, 459 pages : |
| Other physical details | illustrations (black and white) ; |
| Dimensions | 24 cm |
| 505 ## - FORMATTED CONTENTS NOTE | |
| Formatted contents note | Chapter 1. Experiments, Models, and Probabilities Chapter 2. Sequential Experiments Chapter 3. Discrete Random Variables Chapter 4. Continuous Random Variables Chapter 5. Multiple Random Vectors Chapter 6. Probability Models of Derived Random Variables Chapter 7. Conditional Probability Models Chapter 8. Random Vectors Chapter 9. Sums of Random Variables Chapter 10. The Sample Mean Chapter 11. Hypothesis Testing Chapter 12. Estimation of a Random Variable Chapter 13. Stochastic Processes |
| 650 ## - SUBJECT ADDED ENTRY--TOPICAL TERM | |
| Topical term or geographic name entry element | Probabilities. |
| 9 (RLIN) | 1388 |
| 650 ## - SUBJECT ADDED ENTRY--TOPICAL TERM | |
| Topical term or geographic name entry element | Stochastic processes. |
| 9 (RLIN) | 1428 |
| 700 ## - ADDED ENTRY--PERSONAL NAME | |
| Personal name | Goodman, David J. |
| 9 (RLIN) | 4872 |
| 942 ## - ADDED ENTRY ELEMENTS (KOHA) | |
| Koha item type | Book |
| 942 ## - ADDED ENTRY ELEMENTS (KOHA) | |
| Source of classification or shelving scheme | Dewey Decimal Classification |
| Withdrawn status | Lost status | Source of classification or shelving scheme | Damaged status | Not for loan | Home library | Current library | Date acquired | Cost, normal purchase price | Total checkouts | Full call number | Barcode | Date last seen | Price effective from | Koha item type |
|---|---|---|---|---|---|---|---|---|---|---|---|---|---|---|
| Dewey Decimal Classification | KCST Library | KCST Library | 04/08/2020 | 14.49 | 519.2 Ya Pr | 1000000415 | 04/08/2020 | 04/08/2020 | Book |